Top 100 NBA Players 2018 - Statistics

General Stats
  • This quiz has been taken 35,863 times
  • The average score is 51 of 100
Answer Stats
# Change Team Answer % Correct
1 Cavaliers LeBron James
100%
4 2 ↓ Warriors Stephen Curry
99%
2 1 ↑ Warriors Kevin Durant
97%
8 Rockets James Harden
96%
5 Thunder Russell Westbrook
96%
6 Pelicans Anthony Davis
93%
7 Rockets Chris Paul
93%
3 1 ↑ Spurs Kawhi Leonard
93%
10 4 ↑ Warriors Draymond Green
92%
9 10 ↑ Bucks Giannis Antetokounmpo
92%
19 3 ↓ Warriors Klay Thompson
92%
59 41 ↑ Spurs Danny Green
88%
12 1 ↓ Timberwolves Karl Anthony-Towns
87%
72 4 ↓ Cavaliers Tristan Thompson
87%
25 10 ↓ Celtics Kyrie Irving
86%
13 4 ↓ Thunder Paul George
86%
18 8 ↓ Trail Blazers Damian Lillard
85%
15 2 ↑ Wizards John Wall
84%
16 26 ↑ Nuggets Nikola Jokic
81%
11 10 ↑ Timberwolves Jimmy Butler
80%
32 26 ↑ 76ers Joel Embiid
78%
26 2 ↑ Cavaliers Kevin Love
78%
24 12 ↓ Clippers Blake Griffin
77%
28 37 ↑ Wizards Bradley Beal
77%
14 23 ↑ Jazz Rudy Gobert
77%
21 3 ↓ Raptors Kyle Lowry
76%
17 4 ↓ Pelicans Demarcus Cousins
73%
39 9 ↓ Raptors Demar Derozan
73%
29 6 ↑ Grizzlies Marc Gasol
73%
80 19 ↓ Spurs Pau Gasol
72%
34 5 ↑ Hornets Kemba Walker
70%
64 33 ↓ Thunder Carmelo Anthony
68%
30 6 ↓ Clippers Deandre Jordan
66%
60 14 ↓ Suns Devin Booker
66%
31 5 ↓ Trail Blazers C.J McCollum
65%
22 11 ↑ Knicks Kristaps Porzingis
65%
23 4 ↑ Grizzlies Mike Conley
64%
20 14 ↑ Celtics Gordon Hayward
63%
84 n/a 76ers Ben Simmons
60%
33 4 ↓ Cavaliers Isaiah Thomas
60%
35 n/a Bucks Khris Middleton
59%
57 12 ↓ Timberwolves Andrew Wiggins
58%
40 18 ↓ Celtics Al Horford
57%
75 n/a Mavericks Dennis Smith Jr.
57%
63 n/a Lakers Lonzo Ball
56%
46 10 ↓ Thunder Steven Adams
54%
52 47 ↑ Pelicans Jrue Holiday
52%
78 30 ↓ Pacers Victor Oladipo
52%
97 56 ↓ Mavericks Dirk Nowitzki
51%
62 24 ↑ Rockets Eric Gordon
47%
68 7 ↑ Magic Aaron Gordon
46%
43 12 ↑ Warriors Andre Iguodala
46%
53 33 ↓ Pistons Andre Drummond
45%
41 9 ↓ Heat Hassan Whiteside
45%
45 22 ↓ Spurs Lamarcus Aldridge
45%
36 14 ↑ Pacers Myles Turner
42%
27 2 ↓ Nuggets Paul Millsap
42%
51 2 ↓ Lakers Brook Lopez
41%
70 22 ↑ Rockets Clint Capela
41%
83 21 ↓ Nets D'Angelo Russell
41%
37 6 ↑ Suns Eric Bledsoe
41%
81 n/a Clippers Lou Williams
40%
47 4 ↑ Heat Goran Dragic
39%
67 n/a Spurs Patty Mills
39%
44 29 ↑ Trail Blazers Jusuf Nurkic
38%
90 n/a Nuggets Gary Harris
37%
42 n/a Wizards Otto Porter Jr
34%
48 15 ↑ Jazz Ricky Rubio
34%
87 35 ↓ 76ers JJ Redick
33%
69 2 ↑ Raptors Serge Ibaka
31%
65 n/a Celtics Marcus Smart
28%
58 16 ↑ Mavericks Harrison Barnes
27%
99 n/a Spurs Manu Ginobili
27%
95 4 ↑ Rockets Trevor Ariza
26%
49 18 ↑ Kings George Hill
24%
38 18 ↑ Cavaliers Jae Crowder
24%
93 n/a Heat James Johnson
24%
56 n/a Bucks Malcolm Brogdon
23%
50 n/a Clippers Patrick Beverley
23%
54 16 ↑ Clippers Danilo Gallinari
22%
73 16 ↓ Timberwolves Jeff Teague
22%
86 n/a 76ers Markelle Fultz
21%
66 22 ↓ Hornets Nicolas Batum
21%
79 n/a Wizards Markieff Morris
20%
85 n/a Thunder Andre Roberson
19%
96 5 ↓ Hawks Dennis Schroder
19%
55 n/a 76ers Robert Covington
19%
61 7 ↓ Pistons Avery Bradley
18%
94 55 ↓ Jazz Derrick Favors
17%
100 11 ↓ Rockets Ryan Anderson
17%
74 9 ↑ Lakers Kentavious Caldwell-Pope
14%
98 n/a Heat Dion Waiters
13%
92 26 ↓ Jazz Rodney Hood
13%
77 n/a Timberwolves Gorgui Dieng
10%
82 n/a Bucks Greg Monroe
10%
89 n/a Hornets Cody Zeller
9%
71 11 ↓ Hornets Michael Kidd Gilchrist
9%
88 7 ↑ Bulls Nikola Mirotic
9%
91 n/a Mavericks Nerlens Noel
8%
76 n/a Thunder Patrick Patterson
5%
No matching quizzes found
Score Distribution
Percent of People with Each Score
Percentile by Number Answered
Your Score History
You have not taken this quiz